000 00473nam a2200169Ia 4500
008 090711s9999 xx 000 0 und d
082 _b60985
100 _aकानेटकर माधव
245 _aझुलता पूल
260 _c1962
300 _a119
600 _aकानेटकर माधव
630 _aझुलता पूल
700 _aकानेटकर माधव
730 _aझुलता पूल
942 _cBOOK
999 _c294479
_d294479